Tintin et l'Italie - Statistiques

Statistiques générales
  • Ce quiz a été pris 89 fois
  • Le résultat moyen est 11 sur 16
Statistiques - réponses
Questions Réponses % Correct
Ville de Lombardie d'où vient Bianca Castafiore. Milan
99%
Ville du sud de l'Italie d'où vient Gino, le steward de Laszlo Carreidas. Naples
90%
Animal qui se dit "Gazza ladra" en italien, ce qui met à Tintin la puce à l'oreille sur le réel voleur de l'émeraude de Mme Castafiore. La pie voleuse
88%
Formule italienne qui fait référence à une cuisson ferme et non trop cuite pour les pâtes, ce qu'exige la Castafiore dans sa prison du San Theodoros. Al dente
86%
Salle d'opéra de cette ville où Bianca Castafiore doit se produire. La Scala
84%
Malfaiteur d'origine italienne qui est le seul personnage historique réel à avoir été dessiné par Hergé en tant que protagoniste d'une aventure de Tintin. Al Capone
81%
Dictateur italien qu'Haddock compare au Général Tapioca : "Ce _______ des carnavals". Benito Mussolini
78%
Basilique italienne où Haddock prétend qu'ils se trouveraient s'il avait suivi les calculs fantaisistes des Dupondts (dans "Le Trésor de Rackham le Rouge"). La Basilique Saint-Pierre de Rome
78%
Fromage traditionnel à base de lait de vache, à pâte persillée, fabriqué dans les régions de Lombardie et du Piémont. Il bénéficie d'une appellation d'origine protégée (A.O.P.). Dans "Coke en stock", Roberto Rastapopoulos a créé son pseudonyme à partir du nom de ce fromage. Le gorgonzola
70%
Périodique à sensation fictif italien. La Castafiore trouve qu'il s'agit d'une bande de goujats, de malotrus, de rustres : Le "Tempo di ___". Roma
66%
Compositeur italien de l'opéra Madame Butterfly que chante le Professeur Siclone lorsque Tintin le retrouve aux Indes : "Sur la mer calmée ..." (l'aria solo le plus célèbre de cet opéra : « Un bel dì, vedremo » - littéralement : « Un beau jour nous verrons »). Il est également l'auteur de Manon Lescaut, de La Bohème et de Messa a quattro voci entre autres. Giacomo Puccini
62%
Compositeur de l'opéra "La Gazza ladra" que doit interpréter Bianca Castafiore dans la salle de spectacle précédente. Gioachino Rossini
59%
Album dans lequel on retrouve Arturo Benedetto Giovanni Giuseppe Pietro Archangelo Alfredo Cartoffoli. L'Italien qui conduit très vite et dangereusement. L'Affaire Tournesol
53%
Album des aventures de Tintin dans lequel on retrouve le navire de croisières Époméo, ainsi nommé d'après le Mont Époméo, point culminant de l'île précédente. Les Cigares du Pharaon
36%
Île volcanique italienne au large de la ville précédente et sur laquelle se trouve la villa d'Endaddine Akass dans "Tintin et l'Alph-Art", l'album inachevé d'Hergé. l'île d'Ischia
34%
Marque de la voiture automobile que conduit Arturo Benedetto Giovanni Giuseppe Pietro Archangelo Alfredo Cartoffoli. Modèle : Aurelia. La voiture apparaît également dans plusieurs films de Dino Risi comme "Le fanfaron". Lancia
32%
Aucun quiz correspondant
Distribution des résultats
% des personnes avec chaque résultat
Percentile par nombre de réponses
Votre historique - résultats
Vous n’avez pas pris ce quiz